| 000 | 01128cam a22002535a 4500 | ||
|---|---|---|---|
| 003 | AR-RoUNCS | ||
| 005 | 20251216160550.0 | ||
| 008 | 050705s2007 ag ||||gr |00| p spa | ||
| 020 | _a987-987-1093-46-5 | ||
| 040 |
_aAR-BaBN _bspa _cAR-RoUNCS _eaacr |
||
| 041 | 1 |
_aspa _hgrc |
|
| 080 | 1 |
_a82-13(38) _22016 |
|
| 100 | 0 |
_aHomero _eautor _4aut |
|
| 245 | 1 | 3 |
_aLa Odisea / _cHomero ; estudio preliminar, Sergio Albano. |
| 260 |
_aBuenos Aires : _bGradifco, _c2007. |
||
| 300 |
_a384 p. ; _c19 cm. |
||
| 490 | 0 | _aNogal. | |
| 520 | 3 | _aEn "La Odisea" Homero narra las peripecias del viaje que emprendió el protagonista Odiseo para regresar a su patria. Además, en el relato se describen escenas familiares, con una mirada más psicológica e intimista. Esta obra a superado el ámbito literario para ganar terreno en el lenguaje popular, así se acuño el término odisea para designar todo viaje accidentado o peripecia, dando muestra cabal de su inmortalidad. (Nota del editor) | |
| 650 | 4 | _aLiteratura clásica | |
| 650 | 4 | _aLiteratura griega | |
| 655 | 4 | _aPoesía épica | |
| 700 | 1 | _aAlbano, Sergio | |
| 942 |
_2udc _cLPD _n0 |
||
| 999 |
_c854 _d854 |
||